| 000 | 00700nam a22002177a 4500 | ||
|---|---|---|---|
| 005 | 20220322101303.0 | ||
| 008 | 190413b xxu||||| |||| 00| 0 eng d | ||
| 020 |
_a9780821848555 _cRs. 1150.00 |
||
| 040 | _aLoreto College | ||
| 041 | _aEnglish | ||
| 082 |
_a515.076 _bKAC |
||
| 100 | _aKaczor, W.J. | ||
| 245 |
_aProblems in mathematical analysis II _bReal numbers,sequences and series _cW.J. Kaczor and M.T. Nowak |
||
| 260 |
_aRhode Island _bAmerican Mathematical Society _c2009 (rep. 2018) |
||
| 300 |
_a398 p _b24 cm. |
||
| 440 |
_aStudent Mathematical Library _vVol.12 |
||
| 650 | _aMathematical Analysis | ||
| 700 |
_4Auth _aNowak, M.T. |
||
| 850 |
_aLCLIB _bMathSemLib |
||
| 942 | _cBK | ||
| 999 |
_c42946 _d93425 |
||